Escenarios mundiales de la educacion superior: análisis global y estudios de casos

Uloženo v:
Podrobná bibliografie
Hlavní autor: López Segrera, Francisco
Korporativní autor: CLACSO
Médium: Neznámo
Vydáno: Buenos Aires: CLACSO
Témata:
Tagy: Přidat tag
Žádné tagy, Buďte první, kdo vytvoří štítek k tomuto záznamu!

MARC

LEADER 00000 a2200000 04500
001 34468
003
008 991231s d
040
020 |a 987-1183-61-5  
022 |a 987-1183-61-5  
090 |a 0005 L864e  
100 |a López Segrera, Francisco  
110 |a CLACSO  
245 |a Escenarios mundiales de la educacion superior: análisis global y estudios de casos  
260 |a Buenos Aires:   |b CLACSO  
300 |a 318 p.  
650 |a ENSEÑANZA SUPERIOR  
650 |a INTERNET  
999 |c 10420  |d 10420